Čína s Ruskom stavajú eurázijský monoblok
Schôdza združenia BRICS a samit Šanghajskej organizácie spolupráce (ŠOS) zorganizované v Rusku. India a Pakistan ako noví členovia ŠOS. Členovia zoskupenia BRICS a ŠOS. ŠOS - obchodno-bezpečnostná medzivládna inštitúcia. Rozvojové projekty.
Guardado en:
| Autor principal: | |
|---|---|
| Formato: | Capítulo de libro |
| Lenguaje: | eslovaco |
| Materias: | |
| Etiquetas: |
Sin Etiquetas, Sea el primero en etiquetar este registro!
|
MARC
| LEADER | 00000naa a2200000 4500 | ||
|---|---|---|---|
| 001 | 0205516 | ||
| 005 | 20231113103246.5 | ||
| 041 | 0 | |a slo | |
| 044 | |a SK | ||
| 245 | 1 | 0 | |a Čína s Ruskom stavajú eurázijský monoblok |c Adrian Peter Pressburg |
| 520 | |a Schôdza združenia BRICS a samit Šanghajskej organizácie spolupráce (ŠOS) zorganizované v Rusku. India a Pakistan ako noví členovia ŠOS. Členovia zoskupenia BRICS a ŠOS. ŠOS - obchodno-bezpečnostná medzivládna inštitúcia. Rozvojové projekty. | ||
| 610 | 2 | 0 | |a integrácia ekonomická medzinárodná |
| 610 | 2 | 0 | |a spolupráca medzinárodná |
| 610 | 2 | 0 | |a politika zahraničná |
| 610 | 2 | 0 | |a energetika |
| 610 | 2 | 0 | |a infraštruktúra |
| 610 | 2 | 0 | |a telekomunikácie |
| 610 | 2 | 0 | |a Rusko |
| 610 | 2 | 0 | |a Čína |
| 610 | 2 | 0 | |a BRICS |
| 100 | 1 | |a Pressburg, Adrian Peter | |